38 Years 2025-1988 नीट जीव विज्ञान / (Record no. 215354)

MARC details
000 -LEADER
fixed length control field 00948nam a22001937a 4500
005 - DATE AND TIME OF LATEST TRANSACTION
control field 20260307124203.0
010 ## - LCCN (DPL NO)
LC control number BACHN26
020 ## - INTERNATIONAL STANDARD BOOK NUMBER
International Standard Book Number 9789348203441
Terms of availability 495.00
037 ## - SOURCE OF ACQUISITION
Source of stock number/acquisition प्रभात एग्जाम
082 ## - DEWEY DECIMAL CLASSIFICATION NUMBER
Classification number 570
100 ## - MAIN ENTRY--PERSONAL NAME
Personal name जैन, पी सी
245 ## - TITLE STATEMENT
Title 38 Years 2025-1988 नीट जीव विज्ञान /
Remainder of title पी सी जैन [और] जय श्री अंकुर शाह
260 ## - PUBLICATION, DISTRIBUTION, ETC. (IMPRINT)
Place of publication, distribution, etc नई दिल्ली
Name of publisher, distributor, etc प्रभात एग्जाम
Date of publication, distribution, etc 2025
270 ## - ADDRESS
Address 4/19 असफ अली रोड
City नई दिल्ली
Postal code 110002
Telephone number 23286555
300 ## - PHYSICAL DESCRIPTION
Extent 402 पृ.
Dimensions 28सेमी (आजिल्द)
500 ## - GENERAL NOTE
General note अध्याय्वार एवं टॉपिकवाईज साल्व्ड पेपर्स
700 ## - ADDED ENTRY--PERSONAL NAME
Personal name शाह, जय श्री अंकुर
9 (RLIN) 88105
942 ## - ADDED ENTRY ELEMENTS (KOHA)
Source of classification or shelving scheme Dewey Decimal Classification
Item type Hindi Books
Classification part 570
Call number suffix जैनपी

No items available.


© Delhi Public Library
Hit Counter
free hit counter